000 00580nam a22002057a 4500
003 OSt
005 20140310182754.0
008 130204t xxu||||| |||| 00| 0 eng d
020 _a9789715845755
050 _aB 765
_b.G643 2007
082 _aM 189.4
_bG643 2007
245 _aOn being and being human : a primer on Aquinas' philosophy
_cGonzales, Enrico D.
260 _aQuezon City :
_bC&E Publishing,
_c2007.
300 _axv, 74 p. :
_c21 cm.
521 _acollege students
526 _c1210L-1700L
541 _j1
562 _e1
942 _2lcc
_cBK-FIL
_kM
999 _c15813
_d15813